| 000 | 00876nam a22001457a 4500 | ||
|---|---|---|---|
| 020 | _a978-0-689-86571-8 | ||
| 082 |
_a823 _bKEE/N |
||
| 100 | _aKEENE, CAROLYN | ||
| 245 | _aNANCY DREW - ACTION! | ||
| 260 |
_aNEW YORK _bALADDIN PAPERBACKS _c2004 |
||
| 300 | _a138 | ||
| 520 | _aSo I agreed to play the part of Esther Rackham in a film about the heist that gave River Heights its name, and there was all this trouble on the set, and I figured out who was behind it. Case closed, right? Wrong! Once the camera starts rolling, a huge fire breaks out on the set, setting back production again. We're running out of time and funds. At least the fire turns up a key clue about who started it, but I'll have to continue juggling acting and sleuthing. Because it might be up to me to save this film from going up in flames.... | ||
| 650 |
_aDETECTIVE _zUNITED STATES |
||
| 942 | _cBK | ||
| 999 |
_c7866 _d7866 |
||